书目信息 |
| 题名: |
误差理论与数据处理
|
|
| 作者: | 费业泰 主编 | |
| 分册: | ||
| 出版信息: | 北京 机械工业出版社 2015.04 |
|
| 页数: | 213页 | |
| 开本: | 26cm | |
| 丛书名: | ||
| 单 册: | ||
| 中图分类: | O241.1 | |
| 科图分类: | ||
| 主题词: | 测量误差--误差理论--高等教育--教材 , 测量--数据处理--高等教育--教材 | |
| 电子资源: | ||
| ISBN: | 978-7-111-49524-6 | |
| 000 | 01134nam0 2200277 450 | |
| 001 | 0120151563323 | |
| 005 | 20170418154822.48 | |
| 010 | @a978-7-111-49524-6@dCNY29.80 | |
| 100 | @a20150514d2015 em y0chiy50 ea | |
| 101 | 0 | @achi |
| 102 | @aCN@b110000 | |
| 105 | @aak z 000yy | |
| 106 | @ar | |
| 200 | 1 | @a误差理论与数据处理@9wu cha li lun yu shu ju chu li@f费业泰主编 |
| 205 | @a7版 | |
| 210 | @a北京@c机械工业出版社@d2015.04 | |
| 215 | @a213页@c图@d26cm | |
| 300 | @a“十二五”普通高等教育本科国家级规划教材 普通高等教育“十一五”国家级规划教材 全国高校测控技术与仪器专业教学指导委员会审编教材 | |
| 330 | @a本书讲述科学实验和工程实践中常用的静态测量和动态测量的误差理论和数据处理,并结合常见的物理量测量进行介绍,内容包括:绪论、误差的基本性质与处理、误差的合成与分配、测量不确定度、线性参数的最小二乘法处理、回归分析、动态测试与数据处理基本方法等。 | |
| 333 | @a高校相关专业师生 | |
| 606 | 0 | @a测量误差@x误差理论@x高等教育@j教材 |
| 606 | 0 | @a测量@x数据处理@x高等教育@j教材 |
| 690 | @aO241.1@v5 | |
| 701 | 0 | @a费业泰@9fei ye tai@4主编 |
| 801 | 0 | @aCN@b人天书店@c20150514 |
| 905 | @b987324-27@dO241.1@e200=7@f4 | |
| 误差理论与数据处理/费业泰主编.-7版.-北京:机械工业出版社,2015.04 |
| 213页:图;26cm |
| “十二五”普通高等教育本科国家级规划教材 普通高等教育“十一五”国家级规划教材 全国高校测控技术与仪器专业教学指导委员会审编教材.-使用对象:高校相关专业师生 |
| ISBN 978-7-111-49524-6:CNY29.80 |
| 本书讲述科学实验和工程实践中常用的静态测量和动态测量的误差理论和数据处理,并结合常见的物理量测量进行介绍,内容包括:绪论、误差的基本性质与处理、误差的合成与分配、测量不确定度、线性参数的最小二乘法处理、回归分析、动态测试与数据处理基本方法等。 |
| ● |
| 相关链接 |
|
|
|
|
正题名:误差理论与数据处理
索取号:O241.1/200=7
 
预约/预借
| 序号 | 登录号 | 条形码 | 馆藏地/架位号 | 状态 | 备注 |
| 1 | 987324 | 209873243 | 第二样本阅览室/ [索取号:O241.1/200=7] | 在馆 | |
| 2 | 987325 | 209873252 | 密集书库-数信学院/ [索取号:O241.1/200=7] | 在馆 | |
| 3 | 987326 | 209873261 | 第三借阅区/ [索取号:O241.1/200=7] | 在馆 | |
| 4 | 987327 | 209873270 | 第三借阅区/ [索取号:O241.1/200=7] | 在馆 |